|
|
|
|
| LEADER |
00981nam a2200253 a 4500 |
| 001 |
30121 |
| 003 |
BD-DhAAL |
| 005 |
20151029130901.0 |
| 008 |
151029s1996 nyu 001 0 eng |
| 010 |
|
|
|a 95049752
|
| 020 |
|
|
|a 0471132853 (cloth : alk. paper)
|
| 040 |
|
|
|a DLC
|c DLC
|d DLC
|d BD-DhAAL
|
| 050 |
0 |
0 |
|a HD66
|b .R3923 1996
|
| 082 |
0 |
0 |
|a 658.4/02
|2 20
|
| 100 |
1 |
|
|a Rayner, Steven R.
|9 15799
|
| 245 |
1 |
0 |
|a Team traps :
|b survival stories and lessons from team disasters, near-misses, mishaps, and other near-death experiences /
|c Steven R. Rayner.
|
| 260 |
|
|
|a New York :
|b John Wiley,
|c c1996.
|
| 300 |
|
|
|a xiii, 190 p. ;
|c 24 cm.
|
| 500 |
|
|
|a Includes index.
|
| 541 |
|
|
|e 30121
|
| 650 |
|
0 |
|a Teams in the workplace.
|9 8445
|
| 942 |
|
|
|2 ddc
|c BK
|
| 999 |
|
|
|c 35947
|d 35947
|
| 952 |
|
|
|0 0
|1 0
|2 ddc
|4 0
|6 658_402000000000000_TEA
|7 0
|9 56493
|a BRACUL
|b BRACUL
|c GEN
|d 2015-10-29
|e BIL
|l 1
|o 658.402 TEA
|p 3010030121
|r 2022-12-05
|s 2022-11-28
|t 1
|w 2015-10-29
|y BK
|x Transferred from BIL to BRACUL on 06/06/22
|